000 00969nam a2200229 i 4500
001 107010
003 ES-MaACL
005 20250914062534.0
007 t|
008 061121s1953 sp |||| | spa d
100 1 _aMoral y Pérez de Zayas, José María del,
_d1917-2014
_982955
245 1 0 _aEntendimiento y valoración política del hombre /
_cJosé María del Moral y Pérez de Zayas.
260 _aCiudad Real :
_bPublicaciones del Instituto de Estudios Manchegos,
_c1953.
300 _a61 p. ;
_c22 cm.
501 _aIncluye (p. 57-61): Discurso de contestación pronunciado por el Ilmo. Sr. Dr. D. José María Martínez Val, director del Instituto de Estudios Manchegos.
504 _aReferencias bibliográficas.
650 7 _aAntropología filosófica
_2embne
_99891
700 1 _aMartínez Val, José María,
_d1916-
_978455
710 2 _aInstituto de Estudios Manchegos.
_94919
852 _aES-MaACL
_j1958-F-14
999 _c107010
_d107010